1795 1868 1412 1210 1358 1412 1153 1112 1366 1321 1341 1106 1681 1008 1493 1025 1348 1722 1093 1450 1210 1596 1585 1197 1457 1508 1764 1429 1927 1768 1101 1708 1687 1209 1363 1230 1521 1937 1535 1056 1652 1790 1179 1860 1658 1525 1421 1207 1664 1887 1076 1601 1944 1704 1671 1470 1325 1738 1479 1611 1224 1895 1370 1753 1520 1060 1757 1195 1198 1179 1660 1192 1910 1490 1526 1526 1237 1395 1523 1640 1787 1641 1363 1244 1734 1431 1073 1379 1552 1372 1971 1829 1318 1814 1372 1886 1155 1703 1361 BCNSPRNW ULIB Ver.6.0+V

เปลี่ยนเป็นภาษาไทย

Change to English
 แสดงรายละเอียดบรรณานุกรม
  กลับหน้าหลัก

Brief Record : Get Marc (ISO 2709) : E-mail record : QR code < ปิดหน้าต่าง
LEADER : 00000nam 2200000uu 4500
001    13399122653
003     ULIB
008    020711s2556 th a 000 0 tha d
020    9786162792021
060  4 WA100^bส743
110 1  มหาวิทยาลัยมหิดล.^bสถาบันวิจัยประชากรและสังคม(วปส.)
245    1 ทศวรรษ สุขภาพคนไทย 2556. /^cสถาบันวิจัยประชากรและสังคม(วปส.)
250    พิมพ์ครั้งที่ 1
260    นครปฐม :^bสถาบันวิจัยประชากรและสังคม,^c2556
300    110 หน้า
650  7 ความขัดแย้งทางการเมือง
650  7 การก่อการร้าย^xไทย(ภาคใต้)
650  7 การปฏิรูปสังคม^xไทย
650  7 ความยุติธรรมทางสังคม
650  7 นโยบายด้านสาธารณสุข
650  7 ดัชนีสุขภาพ
650  7 พฤติกรรมทางเพศ
710 1  สำนักงานกองทุนสนับสนุนการสร้างเสริมสุขภาพ(สสส.)
710 1  สำนักงานคณะกรรมการสุขภาพแห่งชาติ(สช.)
945    ^p0^l0^i20109
995    ทศพร
999    ^aทศพร เกษรทอง
รายการนี้ยังไม่มีแท็ก
คุณยังไม่ได้ล็อกอิน คุณสามารถมีกิจกรรมร่วมกับเว็บไซต์ได้ แต่ต้องล็อกอินก่อน ::
  ล็อกอิน

รายการสื่อสารสนเทศ

ลำดับที่ ประเภท เลขเรียก/บาร์โค้ด สถานที่ สถานะ
1. วิทยาศาสตร์การแพทย์ และสุขภาพ
วิทยาศาสตร์การแพทย์ และสุขภาพ
WA100 ส743 ฉ.1 
  Barcode: 20109
ห้องสมุดวิทยาเขตนครสวรรค์
►หนังสือทั่วไป:l:General Books
บนชั้น

รายการใกล้เคียง
    หัวเรื่อง [นโยบายด้านสาธารณสุข]
    หัวเรื่อง [ดัชนีสุขภาพ]
    หัวเรื่อง [พฤติกรรมทางเพศ]

BibComment


ยังไม่เคยถูกคอมเมนท์

คอมเมนท์ทรัพยากรรายการนี้
  คอมเมนท์: 1 ทศวรรษ สุขภาพคน..


 Copyright 2026. Bcnsprnw @Library